Curso taller : (Record no. 166391)

MARC details
000 -CABECERA
campo de control de longitud fija 00643nam a2200217 u 4500
005 - FECHA Y HORA DE LA ÚLTIMA TRANSACCIÓN
campo de control 20250409063813.0
008 - ELEMENTOS DE LONGITUD FIJA--INFORMACIÓN GENERAL
campo de control de longitud fija 131127s2008 mx r 000 0 spa d
020 ## - NÚMERO INTERNACIONAL NORMALIZADO PARA LIBROS
Número Internacional Estándar del Libro 9786077514084
035 ## - NÚMERO DE CONTROL DEL SISTEMA
Número de control de sistema UPN01000194290
049 ## - COLECCIÓN
Colección CG
050 #4 - SIGNATURA TOPOGRÁFICA DE LA BIBLIOTECA DEL CONGRESO
Número de clasificación HN120 D5
Número de documento/Ítem C8.7 2008
245 00 - MENCIÓN DE TÍTULO
Título Curso taller :
Resto del título prohibido discriminar.
250 ## - MENCIÓN DE EDICIÓN
Mención de edición 2a ed. corr. y aumen.
260 ## - PUBLICACIÓN, DISTRIBUCIÓN, ETC.
Lugar de publicación, distribución, etc. México :
Nombre del editor, distribuidor, etc. CONAPRED,
Fecha de publicación, distribución, etc. 2008.
300 ## - DESCRIPCIÓN FÍSICA
Extensión 268 p. :
Otras características físicas cuadros
650 #4 - ASIENTO SECUNDARIO DE MATERIA - TERMINO TEMATICO
Término de materia o nombre geográfico como elemento de entrada Discriminación
Subdivisión geográfica México
9 (RLIN) 21329
650 #4 - ASIENTO SECUNDARIO DE MATERIA - TERMINO TEMATICO
Término de materia o nombre geográfico como elemento de entrada Derechos humanos
Subdivisión geográfica México
9 (RLIN) 5183
650 #4 - ASIENTO SECUNDARIO DE MATERIA - TERMINO TEMATICO
Término de materia o nombre geográfico como elemento de entrada Discriminación
Subdivisión general Leyes y legislación
Subdivisión geográfica México
9 (RLIN) 20911
905 ## - TIPO DE MATERIAL
Tipo de material Libro
Holdings
Estado de retiro Estado de pérdida Fuente del sistema de clasificación o colocación Estado dañado No para préstamo Código de colección Localización permanente Ubicación/localización actual Ubicación en estantería Fecha de adquisición Total de préstamos Clasificación Código de barras Fecha visto por última vez Fecha del último préstamo Número de copia Tipo de ítem Koha
    Library of Congress Classification     Colección General Bib. Gregorio Torres Quintero Bib. Gregorio Torres Quintero Planta baja 31/08/2022 8 HN120 D5 C8.7 2008 393729 25/10/2024 11/10/2024 1 Libro